CARTA EDAFOLOGICA : (Record no. 59631)
[ view plain ]
| 000 -CABECERA | |
|---|---|
| campo de control de longitud fija | 00356nam a2200145 a 4500 |
| 003 - IDENTIFICADOR DEL NÚMERO DE CONTROL | |
| campo de control | DLC |
| 005 - FECHA Y HORA DE LA ÚLTIMA TRANSACCIÓN | |
| campo de control | 20210219152738.0 |
| 035 ## - NÚMERO DE CONTROL DEL SISTEMA | |
| Número de control de sistema | UPN01000059712 |
| 245 00 - MENCIÓN DE TÍTULO | |
| Título | CARTA EDAFOLOGICA : |
| Resto del título | SERIE 1 |
| 260 ## - PUBLICACIÓN, DISTRIBUCIÓN, ETC. | |
| Lugar de publicación, distribución, etc. | Aguascalientes, Aguascalientes, México : |
| Nombre del editor, distribuidor, etc. | INEGI |
| 362 0# - FECHAS DE PUBLICACIÓN Y/O DESIGNACIÓN SECUENCIAL | |
| Fecha de publicación y/o designación secuencial | 1997 |
| 505 0# - NOTA DE CONTENIDO CON FORMATO PREESTABLECIDO | |
| Nota de contenido con formato | Cobertura Nacional |
| 505 0# - NOTA DE CONTENIDO CON FORMATO PREESTABLECIDO | |
| Nota de contenido con formato | Escala 1:1 000 000 |
| 905 ## - TIPO DE MATERIAL | |
| Tipo de material | Revista |
No items available.
